Statistics for Swedish Things by Picture

Click here to take the quiz!

General Stats

  • This quiz has been taken 30 times
  • The average score is 8 of 16

Answer Stats

Answer% Correct
Volvo
96%
IKEA
92%
Meatballs
77%
Foppatofflor (Crocs)
73%
Moose
65%
Zlatan Ibrahimovic
65%
Northern Lights
62%
Avicii
50%
Ice Hotel
42%
Lingonberry
38%
Midsummer
38%
Kalles Kaviar
31%
Semla
31%
Gravlax
23%
Snus
19%
Loose Candy
0%

Score Distribution

Percentile by Number Answered

Percent of People with Each Score

Your Score History

You have not taken this quiz